NRL Players by Picture - Statistics

General Stats
  • This quiz has been taken 1,093 times
  • The average score is 13 of 16
Answer Stats
Picture Answer % Correct
Johnathan Thurston
92%
Josh Addo-Carr
92%
Latrell Mitchell
92%
Billy Slater
91%
Kalyn Ponga
91%
James Tedesco
89%
Cameron Munster
87%
Cameron Smith
86%
Jerome Luai
85%
Cooper Cronk
80%
Ryan Papenhuyzen
76%
Andrew Johns
75%
Darren Lockyear
73%
Brad Fittler
69%
Wally Lewis
62%
Jason Taumalolo
61%
No matching quizzes found
Score Distribution
Percent of People with Each Score
Percentile by Number Answered
Your Score History
You have not taken this quiz